| 000 | 01773nam a2200457Ii 4500 | ||
|---|---|---|---|
| 001 | DIGRILEDIT0086 | ||
| 003 | NyNyDIG | ||
| 006 | m o d | ||
| 007 | cr ||||||||||| | ||
| 008 | 140101s2010 cl c o 000 0 spa d | ||
| 020 | _z9789562847681 | ||
| 020 | _z9562847683 | ||
| 035 | _a(OCoLC)823747757 | ||
| 040 |
_aDGITA _beng _epn _cDGITA |
||
| 043 | _as-cl--- | ||
| 050 | 1 | 4 | _aHQ76.3.C5 eBook |
| 100 | 1 | _aCrespo, Octavio. | |
| 245 | 1 | 0 |
_aFuera del clóset / _cOctavio Crespo, entrevistas ; Jordi Castell ... [et al.]. |
| 250 | _a1. ed. | ||
| 264 | 1 |
_aProvidencia, Santiago de Chile: _bRIL editores, _c2010. |
|
| 300 |
_a1 online resource (299 pages) : _bports. |
||
| 336 |
_atext _btxt _2rdacontent |
||
| 337 |
_acomputer _bc _2rdamedia |
||
| 338 |
_aonline resource _bcr _2rdacarrier |
||
| 490 | 1 | _aIdentikit | |
| 490 | 1 | _aBibliodiversidad. | |
| 500 | _aInteviews with gays and lesbians from a cross-section of Chilean life. | ||
| 505 | 0 | _aJordi Castell -- Cristián Cuevas -- Emma De Ramón -- Giovanni Falchetti -- William Geisse -- Rolando Jiménez -- Luis Larraín -- Erika Montecinos -- Daniel Palma -- Ítalo Passalacqua -- Sandra Pavez -- Víctor Hugo Robles -- Pablo Simonetti -- Angélica Valderrama Cayuman -- Lautaro Villarroel. | |
| 650 | 0 |
_aGays _zChile _vInterviews. |
|
| 650 | 0 |
_aInterviews _zChile. |
|
| 650 | 0 |
_aHomosexuality _zChile. |
|
| 655 | 0 | _aElectronic books. | |
| 700 | 1 |
_aCastell, Jordi, _d1966- |
|
| 791 | 2 |
_aDigitalia (Firm), _edistributor. |
|
| 830 | 0 | _aSerie Identikit. | |
| 830 | 0 | _aBibliodiversidad. | |
| 793 | 0 |
_gDigitalia eBook Collection: _aRil Editores. |
|
| 856 | 4 | 0 |
_3Digitalia Hispánica _uhttps://www.digitaliapublishing.com/a/18677/ |
| 910 | _aPremium Collection: 2007-2012 | ||
| 942 | _cRAA | ||
| 999 |
_c235994 _d235994 |
||